[Event "Berlin-ch Seniors op 34th"]
[Site "Berlin"]
[Date "2018.02.08"]
[Round "9"]
[White "Bensch, Wolfgang"]
[Black "Paris, Gerhard"]
[Result "1-0"]
[WhiteElo "1660"]
[BlackElo "1476"]
[PlyCount "83"]
[EventDate "2018.01.30"]
[EventType "swiss"]
[EventRounds "9"]
[EventCountry "GER"]
[SourceTitle "EXT 2020"]
[Source "ChessBase"]
[SourceDate "2019.10.17"]
[SourceVersion "1"]
[SourceVersionDate "2019.10.17"]
[SourceQuality "1"]

1. e4 e5 2. Bc4 Nf6 3. d4 d5 4. dxe5 Bg4 5. f3 Nxe4 6. g3 Bb4+ 7. Nc3 Nxc3 8. Qd2 dxc4 9. bxc3 Qxd2+ 10. Bxd2 Bxc3 11. Bxc3 Bf5 12. Rc1 Nc6 13. Ne2 0-0-0 14. g4 Be6 15. Nf4 Rhe8 16. Kf2 g6 17. h4 b5 18. a3 h6 19. Ke3 g5 20. hxg5 hxg5 21. Nxe6 Rxe6 22. Ke4 Rde8 23. Rcf1 Nxe5 24. Kf5 f6 25. Rh6 Nd7 26. Bxf6 Nxf6 27. Rxf6 Re5+ 28. Kg6 Rg8+ 29. Kf7 Rge8 30. Kg6 R5e7 31. Kxg5 Re2 32. Rc1 Rg8+ 33. Kf4 a5 34. Ra6 Kb7 35. Rf6 Rd8 36. g5 Rdd2 37. g6 Rxc2 38. Rxc2 Rxc2 39. Kg3 Rd2 40. g7 Rd8 41. Rf8 Rd3 42. g8Q 1-0

[Event "Berlin-ch Seniors op 34th"]
[Site "Berlin"]
[Date "2018.01.31"]
[Round "2"]
[White "Huelle, Gunter"]
[Black "Bensch, Wolfgang"]
[Result "1-0"]
[WhiteElo "1806"]
[BlackElo "1660"]
[PlyCount "93"]
[EventDate "2018.01.30"]
[EventType "swiss"]
[EventRounds "9"]
[EventCountry "GER"]
[SourceTitle "EXT 2020"]
[Source "ChessBase"]
[SourceDate "2019.10.17"]
[SourceVersion "1"]
[SourceVersionDate "2019.10.17"]
[SourceQuality "1"]

1. b4 Nf6 2. Bb2 d5 3. e3 Nbd7 4. Nf3 a6 5. a4 e6 6. b5 Be7 7. c4 0-0 8. Be2 axb5 9. axb5 Rxa1 10. Bxa1 dxc4 11. Bxc4 Nb6 12. Qb3 Nxc4 13. Qxc4 Ne8 14. Nc3 b6 15. Ne5 Bb7 16. Nc6 Bxc6 17. bxc6 Nd6 18. Qa4 Qa8 19. Ke2 Qxa4 20. Nxa4 Ra8 21. Nc3 Ra5 22. d4 Nb5 23. Nxb5 Rxb5 24. Bc3 Rb3 25. Kd2 Ra3 26. Bb2 Ra6 27. Ra1 Rxa1 28. Bxa1 Bb4+ 29. Bc3 Bd6 30. g3 Kf8 31. Kd3 b5 32. Ba5 f5 33. f3 Ke8 34. e4 Kd8 35. Kc3 g6 36. Bb4 e5 37. Bxd6 cxd6 38. d5 Kc7 39. Kb3 h6 40. h4 h5 41. Kb4 Kb6 42. c7 Kxc7 43. Kxb5 Kd7 44. Kb6 Ke7 45. Kc7 f4 46. gxf4 exf4 47. e5 1-0

[Event "Berlin-ch Seniors op 34th"]
[Site "Berlin"]
[Date "2018.01.30"]
[Round "1"]
[White "Bensch, Wolfgang"]
[Black "Kievelitz, Bernd"]
[Result "0-1"]
[WhiteElo "1660"]
[BlackElo "1923"]
[PlyCount "66"]
[EventDate "2018.01.30"]
[EventType "swiss"]
[EventRounds "9"]
[EventCountry "GER"]
[SourceTitle "EXT 2020"]
[Source "ChessBase"]
[SourceDate "2019.10.17"]
[SourceVersion "1"]
[SourceVersionDate "2019.10.17"]
[SourceQuality "1"]

1. e4 c5 2. Nf3 e6 3. c3 Nf6 4. d3 d5 5. exd5 Qxd5 6. c4 Qd8 7. g3 Nc6 8. a3 Be7 9. Bg2 0-0 10. 0-0 Qc7 11. Re1 h6 12. Bf4 Bd6 13. Bxd6 Qxd6 14. Qe2 Rd8 15. Bf1 b6 16. Nc3 Bb7 17. Rad1 a6 18. Bg2 Rab8 19. h3 Nd4 20. Nxd4 Qxd4 21. Bxb7 Rxb7 22. Ne4 Rbd7 23. Nxf6+ Qxf6 24. Rd2 Qf5 25. g4 Qg6 26. Red1 Rd4 27. f3 h5 28. Kh2 Qg5 29. Qf2 hxg4 30. hxg4 f5 31. Qe2 Qh6+ 32. Kg2 fxg4 33. Rh1 gxf3+ 0-1

[Event "Berlin-ch Seniors op 30th"]
[Site "Berlin"]
[Date "2014.02.05"]
[Round "7"]
[White "Bensch, Wolfgang"]
[Black "Peter, Volkhard"]
[Result "0-1"]
[WhiteElo "1410"]
[BlackElo "1676"]
[PlyCount "48"]
[EventDate "2014.01.30"]
[EventType "swiss"]
[EventRounds "9"]
[EventCountry "GER"]
[SourceTitle "EXT 2018"]
[Source "ChessBase"]
[SourceDate "2017.10.13"]
[SourceVersion "1"]
[SourceVersionDate "2017.10.13"]
[SourceQuality "1"]

1. e4 e5 2. Nf3 Nc6 3. Bc4 Nf6 4. d3 Be7 5. 0-0 0-0 6. c3 d5 7. exd5 Nxd5 8. h3 Be6 9. Re1 f6 10. Be3 Na5 11. Bxd5 Bxd5 12. Nbd2 c5 13. Nh2 f5 14. Ndf3 e4 15. dxe4 fxe4 16. Nd2 Bd6 17. Qg4 Qc7 18. Nhf1 Rae8 19. Qe2 b5 20. b3 a6 21. Rac1 Nc6 22. c4 Bf7 23. cxb5 Nb4 24. Nc4 Nd3 0-1

[Event "Berlin-ch Seniors op 30th"]
[Site "Berlin"]
[Date "2014.01.30"]
[Round "1"]
[White "Bensch, Wolfgang"]
[Black "Hoppe, Rainer"]
[Result "0-1"]
[WhiteElo "1410"]
[BlackElo "1797"]
[PlyCount "86"]
[EventDate "2014.01.30"]
[EventType "swiss"]
[EventRounds "9"]
[EventCountry "GER"]
[SourceTitle "EXT 2018"]
[Source "ChessBase"]
[SourceDate "2017.10.13"]
[SourceVersion "1"]
[SourceVersionDate "2017.10.13"]
[SourceQuality "1"]

1. e4 c5 2. c3 e6 3. d4 d5 4. e5 cxd4 5. cxd4 Nc6 6. Nf3 Bd7 7. a3 Qb6 8. Be2 Nge7 9. 0-0 Nf5 10. Nc3 Ncxd4 11. Nxd4 Qxd4 12. Qb3 Qxe5 13. Qxb7 Qb8 14. Qxb8+ Rxb8 15. b4 Be7 16. Bf4 Bd6 17. Bg3 0-0 18. Ba6 Nxg3 19. hxg3 Be5 20. Rac1 Rb6 21. b5 Bxc3 22. Rxc3 Bxb5 23. Bxb5 Rxb5 24. Rfc1 Rb7 25. Rc8 g6 26. R8c3 Rd8 27. Kf1 Kf8 28. f4 f6 29. Ke2 Rbd7 30. Rc6 Ke7 31. Ra6 e5 32. fxe5 fxe5 33. Rcc6 e4 34. Ke3 Kf7 35. Rf6+ Kg7 36. g4 d4+ 37. Kd2 Re8 38. Rfd6 Ree7 39. g5 Kf7 40. Rf6+ Ke8 41. Rfd6 e3+ 42. Ke2 d3+ 43. Rxd3 Rxd3 0-1

[Event "Berlin Lichtenberger op 11th"]
[Site "Berlin"]
[Date "2012.08.26"]
[Round "9"]
[White "Bensch, Wolfgang"]
[Black "Jiranek, Benno"]
[Result "0-1"]
[WhiteElo "1665"]
[BlackElo "1442"]
[PlyCount "101"]
[EventDate "2012.08.18"]
[EventType "swiss"]
[EventRounds "9"]
[EventCountry "GER"]
[SourceTitle "CBM 150 Extra"]
[Source "ChessBase"]
[SourceDate "2012.10.19"]
[SourceVersion "1"]
[SourceVersionDate "2012.10.19"]
[SourceQuality "1"]

1. d4 Nf6 2. c4 g6 3. Nc3 Bg7 4. e4 d6 5. Be2 0-0 6. Nf3 Nc6 7. 0-0 e5 8. d5 Ne7 9. Be3 Nd7 10. Qd2 f5 11. Bh6 f4 12. Bxg7 Kxg7 13. Ng5 Nf6 14. h3 h6 15. Ne6+ Bxe6 16. dxe6 c6 17. Bf3 Qc7 18. Rad1 Rad8 19. Qe2 Qc8 20. Rd2 Qxe6 21. Rfd1 Nc8 22. c5 Rd7 23. Bg4 Nxg4 24. hxg4 g5 25. f3 Rfd8 26. b3 dxc5 27. Kh2 Rd4 28. Rc2 Nb6 29. Rdc1 Rd3 30. Nd5 Rd4 31. Nc3 R8d6 32. Qe1 a6 33. Ne2 Rd3 34. Qa5 Na8 35. Rxc5 Kf6 36. Qa3 Nc7 37. Qb2 Rd2 38. R5c2 Qd7 39. a4 h5 40. gxh5 Rd1 41. Nc3 R1d2 42. Rxd2 Rxd2 43. Rc2 Rd6 44. g3 fxg3+ 45. Kxg3 Rd3 46. Rh2 g4 47. Rf2 Ne6 48. Ne2 Qg7 49. Kh2 gxf3 50. Qc2 Qd7 51. Qc1 0-1

[Event "Berlin Lichtenberger op 11th"]
[Site "Berlin"]
[Date "2012.08.22"]
[Round "5"]
[White "Bensch, Wolfgang"]
[Black "Engelhardt, Erhard"]
[Result "0-1"]
[WhiteElo "1665"]
[BlackElo "1847"]
[PlyCount "46"]
[EventDate "2012.08.18"]
[EventType "swiss"]
[EventRounds "9"]
[EventCountry "GER"]
[SourceTitle "CBM 150 Extra"]
[Source "ChessBase"]
[SourceDate "2012.10.19"]
[SourceVersion "1"]
[SourceVersionDate "2012.10.19"]
[SourceQuality "1"]

1. e4 e6 2. d4 d5 3. e5 c5 4. c3 Nc6 5. Nf3 Bd7 6. Bb5 Nxe5 7. Bg5 Nxf3+ 8. Qxf3 Qxg5 9. Bxd7+ Kxd7 10. dxc5 Bxc5 11. 0-0 Nf6 12. Nd2 Qxd2 13. b4 Bd6 14. Rfd1 Qg5 15. a3 Rac8 16. Rd4 h5 17. Rad1 Qe5 18. g3 Ke7 19. Qd3 Rhd8 20. f4 Qf5 21. Qe3 Ne4 22. Rc1 h4 23. c4 hxg3 0-1

[Event "Berlin Lichtenberger op 11th"]
[Site "Berlin"]
[Date "2012.08.20"]
[Round "3"]
[White "Bensch, Wolfgang"]
[Black "Schoenberger, Kay"]
[Result "0-1"]
[WhiteElo "1665"]
[BlackElo "1899"]
[PlyCount "72"]
[EventDate "2012.08.18"]
[EventType "swiss"]
[EventRounds "9"]
[EventCountry "GER"]
[SourceTitle "CBM 150 Extra"]
[Source "ChessBase"]
[SourceDate "2012.10.19"]
[SourceVersion "1"]
[SourceVersionDate "2012.10.19"]
[SourceQuality "1"]

1. d4 Nf6 2. Nf3 g6 3. g3 Bg7 4. Bg2 0-0 5. 0-0 d5 6. Re1 b6 7. Nbd2 Bb7 8. Nb3 Nbd7 9. Ne5 c5 10. Nxd7 Nxd7 11. dxc5 Nxc5 12. c4 Nxb3 13. axb3 e6 14. cxd5 Bxd5 15. Bxd5 Qxd5 16. Qxd5 exd5 17. e3 Rfd8 18. Rb1 Rac8 19. Bd2 Rc2 20. Bc1 f5 21. Kf1 Rdc8 22. Rd1 Kf7 23. h4 Ke6 24. Kg2 Re2 25. Rd2 Re1 26. Ra1 a5 27. b4 Rcxc1 28. Ra3 Red1 29. Re2 Ra1 30. Rxa1 Rxa1 31. Rc2 Kd7 32. Rd2 Kd6 33. Rc2 axb4 34. Rc8 Bxb2 35. Rf8 Bc3 36. Rf7 b3 0-1

[Event "Berlin Lichtenberger op 11th"]
[Site "Berlin"]
[Date "2012.08.19"]
[Round "2"]
[White "Schmalzried, Volker"]
[Black "Bensch, Wolfgang"]
[Result "1-0"]
[WhiteElo "1858"]
[BlackElo "1665"]
[PlyCount "108"]
[EventDate "2012.08.18"]
[EventType "swiss"]
[EventRounds "9"]
[EventCountry "GER"]
[SourceTitle "CBM 150 Extra"]
[Source "ChessBase"]
[SourceDate "2012.10.19"]
[SourceVersion "1"]
[SourceVersionDate "2012.10.19"]
[SourceQuality "1"]

1. c4 e5 2. Nc3 Nc6 3. g3 Nf6 4. Bg2 a6 5. Nf3 Bc5 6. 0-0 0-0 7. d3 h6 8. a3 Re8 9. b4 Ba7 10. c5 d5 11. d4 e4 12. Ne1 Ne7 13. f3 exf3 14. Nxf3 Ng6 15. Ne5 c6 16. Nxg6 fxg6 17. Bf4 Bb8 18. Qd2 Bxf4 19. Qxf4 Rf8 20. e4 Nxe4 21. Qxf8+ Qxf8 22. Rxf8+ Kxf8 23. Bxe4 dxe4 24. Nxe4 Ke7 25. Re1 Be6 26. Nd6 Rb8 27. Kf2 Kd7 28. Ke3 Kc7 29. Kf4 Rf8+ 30. Ke5 Bd5 31. Re3 Kb8 32. h4 h5 33. a4 Kc7 34. b5 a5 35. b6+ Kb8 36. Rc3 Ka8 37. Nc4 Bxc4 38. Rxc4 Rf5+ 39. Ke4 Kb8 40. Rc3 Kc8 41. Rd3 Kd7 42. d5 Rf7 43. d6 Rf5 44. Kd4 Rf1 45. Re3 Rf7 46. Re4 Kc8 47. Re6 Kd7 48. Rxg6 Ke8 49. Rg5 Kf8 50. Rxh5 Kg8 51. Re5 Rf1 52. Re7 Ra1 53. d7 Kh7 54. Ke5 Rd1 1-0

[Event "Berlin-ch Seniors op 27th"]
[Site "Berlin"]
[Date "2011.02.04"]
[Round "7"]
[White "Bensch, Wolfgang"]
[Black "Engelhardt, Erhard"]
[Result "0-1"]
[WhiteElo "1397"]
[BlackElo "1634"]
[PlyCount "108"]
[EventDate "2011.01.29"]
[EventType "swiss"]
[EventRounds "9"]
[EventCountry "GER"]
[SourceTitle "EXT 2012"]
[Source "ChessBase"]
[SourceDate "2011.11.24"]
[SourceVersion "1"]
[SourceVersionDate "2011.11.24"]
[SourceQuality "1"]

1. e4 e6 2. Nf3 d5 3. exd5 exd5 4. Be2 Bd6 5. 0-0 Ne7 6. d4 0-0 7. Bd3 Bf5 8. Re1 Bxd3 9. Qxd3 c6 10. b3 Nd7 11. Nbd2 Re8 12. Nf1 Qc7 13. a4 Ng6 14. Bd2 Nf6 15. Kh1 h6 16. Be3 Re6 17. Re2 Rae8 18. Rae1 Qe7 19. Ng1 Qd7 20. c3 R8e7 21. Ng3 Bxg3 22. hxg3 Ng4 23. Nh3 Qe8 24. Ng1 Nxe3 25. Rxe3 Rxe3 26. Rxe3 Rxe3 27. Qxe3 Qxe3 28. fxe3 Ne7 29. g4 f6 30. Ne2 Kf7 31. Kg1 Nc8 32. Kf2 Nd6 33. Ng3 Kg6 34. Kf3 f5 35. Kf4 fxg4 36. Kxg4 Kf6 37. Nh5+ Kf7 38. Ng3 g6 39. Kf4 Kf6 40. e4 dxe4 41. Nxe4+ Nxe4 42. Kxe4 Ke6 43. c4 h5 44. b4 g5 45. b5 h4 46. c5 g4 47. d5+ cxd5+ 48. Kf4 h3 49. Kg3 hxg2 50. Kxg2 d4 51. a5 d3 52. a6 bxa6 53. b6 axb6 54. cxb6 Kd6 0-1

[Event "Berlin-ch Seniors op 27th"]
[Site "Berlin"]
[Date "2011.02.01"]
[Round "4"]
[White "Thonig, Manfred"]
[Black "Bensch, Wolfgang"]
[Result "0-1"]
[WhiteElo "1628"]
[BlackElo "1397"]
[PlyCount "64"]
[EventDate "2011.01.29"]
[EventType "swiss"]
[EventRounds "9"]
[EventCountry "GER"]
[SourceTitle "EXT 2012"]
[Source "ChessBase"]
[SourceDate "2011.11.24"]
[SourceVersion "1"]
[SourceVersionDate "2011.11.24"]
[SourceQuality "1"]

1. e4 e5 2. Nf3 Nc6 3. c3 Nf6 4. d3 d5 5. Bg5 Be7 6. Be2 dxe4 7. Bxf6 exf3 8. Bxe7 fxe2 9. Qxe2 Qxe7 10. 0-0 0-0 11. Nd2 b6 12. Rae1 Re8 13. Ne4 Bb7 14. Qg4 Bc8 15. Qh5 Qe6 16. Re3 Qg6 17. Qe2 f6 18. Rg3 Qf7 19. f4 Bf5 20. fxe5 Rxe5 21. Rf4 Rae8 22. b3 Kh8 23. h4 Bxe4 24. dxe4 Nd8 25. Re3 Ne6 26. Rf5 Nf8 27. Rf4 Ng6 28. Rf5 Rxf5 29. exf5 Rxe3 30. fxg6 Qe7 31. Qg4 Re1+ 32. Kh2 Qd6+ 0-1

[Event "Berlin Lichtenberger op 9th"]
[Site "Berlin"]
[Date "2010.08.10"]
[Round "4"]
[White "Trotzke, Johannes"]
[Black "Bensch, Wolfgang"]
[Result "1/2-1/2"]
[WhiteElo "1234"]
[BlackElo "1694"]
[PlyCount "61"]
[EventDate "2010.08.07"]
[EventType "swiss"]
[EventRounds "9"]
[EventCountry "GER"]
[SourceTitle "CBM 137 Extra"]
[Source "ChessBase"]
[SourceDate "2010.09.01"]
[SourceVersion "1"]
[SourceVersionDate "2010.09.01"]
[SourceQuality "1"]

1. e4 e5 2. Nf3 Nc6 3. d4 exd4 4. Nxd4 g6 5. Bc4 Bg7 6. Be3 a6 7. 0-0 d6 8. Nc3 Nf6 9. Nxc6 bxc6 10. Qf3 Bd7 11. h3 0-0 12. Bg5 Re8 13. Rad1 h6 14. Bf4 g5 15. Bg3 Be6 16. Bxe6 Rxe6 17. e5 Nd5 18. Nxd5 cxd5 19. Qxd5 Bxe5 20. Rfe1 Rb8 21. Bxe5 Rb5 22. Qd4 Qe8 23. f4 dxe5 24. fxe5 Rbxe5 25. Rxe5 Rxe5 26. Qc3 Qe7 27. b3 Kg7 28. Re1 f6 29. Rxe5 Qxe5 30. Qc4 Qd6 31. Qc3 1/2-1/2

[Event "Berlin qualification op"]
[Site "Berlin"]
[Date "2010.04.03"]
[Round "1"]
[White "Von Loehneysen, Leonard"]
[Black "Bensch, Wolfgang"]
[Result "1-0"]
[WhiteElo "2044"]
[BlackElo "1711"]
[PlyCount "73"]
[EventDate "2010.04.03"]
[EventType "swiss"]
[EventRounds "9"]
[EventCountry "GER"]
[SourceTitle "EXT 2012"]
[Source "ChessBase"]
[SourceDate "2011.11.24"]
[SourceVersion "1"]
[SourceVersionDate "2011.11.24"]
[SourceQuality "1"]

1. c4 e5 2. g3 Nf6 3. Bg2 Bc5 4. Nc3 a6 5. e3 0-0 6. Nge2 Nc6 7. a3 Rb8 8. b4 Be7 9. 0-0 d6 10. d4 exd4 11. exd4 Bd7 12. h3 Na7 13. a4 Nc8 14. Be3 c6 15. Qd3 b6 16. Kh2 Ne8 17. b5 cxb5 18. cxb5 a5 19. d5 f5 20. Nd4 Nc7 21. Nc6 Bxc6 22. dxc6 Bf6 23. Rac1 Ne7 24. Rfd1 Nc8 25. Bf4 Be7 26. Nd5 Kh8 27. Nxe7 Qxe7 28. Bxd6 Nxd6 29. Qxd6 Qf7 30. Qd7 Qxd7 31. Rxd7 Ne6 32. Re1 Nc5 33. Ra7 Rbe8 34. Rxe8 Rxe8 35. c7 Ne4 36. Bxe4 fxe4 37. Rb7 1-0

[Event "Berlin-ch Seniors op 26th"]
[Site "Berlin"]
[Date "2010.02.16"]
[Round "8"]
[White "Grunow, Werner"]
[Black "Bensch, Wolfgang"]
[Result "1-0"]
[WhiteElo "1699"]
[BlackElo "1360"]
[PlyCount "43"]
[EventDate "2010.02.09"]
[EventType "swiss"]
[EventRounds "9"]
[EventCountry "GER"]
[SourceTitle "EXT 2012"]
[Source "ChessBase"]
[SourceDate "2011.11.24"]
[SourceVersion "1"]
[SourceVersionDate "2011.11.24"]
[SourceQuality "1"]

1. d4 d5 2. Nf3 Nf6 3. Bf4 e6 4. e3 Nbd7 5. Bd3 Ne4 6. 0-0 Be7 7. c4 c6 8. Nc3 f5 9. Be5 0-0 10. Qc2 Bf6 11. Bxf6 Qxf6 12. Nd2 Qh6 13. Rae1 Ndf6 14. f3 Ng5 15. f4 Nge4 16. Rf3 Ng4 17. Rh3 Qf6 18. Be2 Nef2 19. Rg3 Qh4 20. Bxg4 Nxg4 21. Nf3 Nxh2 22. Nxh4 1-0

[Event "Berlin-ch Seniors op 26th"]
[Site "Berlin"]
[Date "2010.02.12"]
[Round "4"]
[White "Pfueller, Volker"]
[Black "Bensch, Wolfgang"]
[Result "0-1"]
[WhiteElo "1551"]
[BlackElo "1360"]
[PlyCount "106"]
[EventDate "2010.02.09"]
[EventType "swiss"]
[EventRounds "9"]
[EventCountry "GER"]
[SourceTitle "EXT 2012"]
[Source "ChessBase"]
[SourceDate "2011.11.24"]
[SourceVersion "1"]
[SourceVersionDate "2011.11.24"]
[SourceQuality "1"]

1. b4 e5 2. Bb2 d6 3. c4 g6 4. e3 Bg7 5. Nf3 b6 6. Be2 Bb7 7. 0-0 Nd7 8. d3 Ne7 9. Nbd2 0-0 10. Qc2 Rc8 11. a4 c5 12. b5 Ra8 13. Ra3 a5 14. Rd1 Nf5 15. Nf1 Qe7 16. Re1 Qd8 17. Rd1 Qc7 18. N1d2 Nf6 19. d4 e4 20. Ng5 Qe7 21. d5 Rae8 22. Bxf6 Bxf6 23. Ngxe4 Bg7 24. g3 Bc8 25. Bf1 Nh6 26. Bg2 Bf5 27. f3 Kh8 28. Re1 Ng8 29. g4 Bxe4 30. Nxe4 f5 31. gxf5 Rxf5 32. Ng3 Rff8 33. Re2 Nh6 34. Kh1 Nf7 35. e4 Bd4 36. Re1 Qh4 37. Qd2 Ne5 38. Rc1 Rf7 39. Rc2 Ref8 40. Qe2 Rf4 41. Qf1 Ng4 42. Bh3 Ne3 43. Rxe3 Bxe3 44. Bg2 Bd4 45. Ne2 Rxe4 46. Ng3 Re3 47. Re2 Rfe8 48. Rxe3 Rxe3 49. Ne2 Re8 50. Bh3 Re3 51. Qg2 Qe1+ 52. Ng1 Rxf3 53. Qg5 Qxg1+ 0-1

[Event "Berlin-ch Seniors op 26th"]
[Site "Berlin"]
[Date "2010.02.11"]
[Round "3"]
[White "Bensch, Wolfgang"]
[Black "Uckar, Klaudijo"]
[Result "0-1"]
[WhiteElo "1360"]
[BlackElo "1653"]
[PlyCount "48"]
[EventDate "2010.02.09"]
[EventType "swiss"]
[EventRounds "9"]
[EventCountry "GER"]
[SourceTitle "EXT 2012"]
[Source "ChessBase"]
[SourceDate "2011.11.24"]
[SourceVersion "1"]
[SourceVersionDate "2011.11.24"]
[SourceQuality "1"]

1. d4 d5 2. c4 c6 3. Nc3 Nf6 4. Nf3 e6 5. a3 dxc4 6. e4 b5 7. Bg5 Be7 8. Bxf6 Bxf6 9. e5 Be7 10. Be2 Bb7 11. 0-0 Qb6 12. Qc2 Nd7 13. b4 a5 14. Rfb1 axb4 15. Ne4 Rxa3 16. Rxa3 bxa3 17. Bxc4 0-0 18. Nd6 Bxd6 19. exd6 Nf6 20. Qa2 Qa5 21. h3 Nd5 22. Rb3 Ra8 23. Ne5 Nb4 24. Qd2 a2 0-1

[Event "Berlin-ch Seniors op 25th"]
[Site "Berlin"]
[Date "2009.02.18"]
[Round "7"]
[White "Bensch, Wolfgang"]
[Black "Hermanski, Egbert"]
[Result "1/2-1/2"]
[WhiteElo "1379"]
[BlackElo "1579"]
[PlyCount "70"]
[EventDate "2009.02.12"]
[EventType "swiss"]
[EventRounds "9"]
[EventCountry "GER"]
[SourceTitle "EXT 2022"]
[Source "ChessBase"]
[SourceDate "2021.10.06"]
[SourceVersion "1"]
[SourceVersionDate "2021.10.06"]
[SourceQuality "1"]

1. d4 d5 2. Nf3 Nf6 3. Nc3 h6 4. a3 Bf5 5. e3 e6 6. h3 Nbd7 7. Bd3 Ne4 8. Bxe4 dxe4 9. Nh2 Be7 10. Qe2 0-0 11. Bd2 a6 12. 0-0 c6 13. f3 exf3 14. Nxf3 Bxc2 15. Be1 Bb3 16. Bg3 b5 17. Nd2 Bc4 18. Nxc4 bxc4 19. Qxc4 c5 20. Qd3 cxd4 21. Qxd4 Bc5 22. Qd2 Nf6 23. Qe2 Nd5 24. Nxd5 Qxd5 25. b4 Be7 26. Rad1 Qb5 27. Qxb5 axb5 28. Rd3 Ra4 29. Rc1 Ra6 30. Kh1 f6 31. Rc7 Re8 32. Rb7 e5 33. Rxb5 Rea8 34. Rb7 Bf8 35. Bh2 Rxa3 1/2-1/2

[Event "Berlin-ch Seniors op 25th"]
[Site "Berlin"]
[Date "2009.02.15"]
[Round "4"]
[White "Bensch, Wolfgang"]
[Black "Schweitzer, Paul"]
[Result "0-1"]
[WhiteElo "1379"]
[BlackElo "1806"]
[PlyCount "124"]
[EventDate "2009.02.12"]
[EventType "swiss"]
[EventRounds "9"]
[EventCountry "GER"]
[SourceTitle "EXT 2022"]
[Source "ChessBase"]
[SourceDate "2021.10.06"]
[SourceVersion "1"]
[SourceVersionDate "2021.10.06"]
[SourceQuality "1"]

1. e4 d6 2. Nc3 e6 3. Nf3 g6 4. d3 Nd7 5. Bg5 f6 6. Be3 Nh6 7. h3 a6 8. Qd2 Nf7 9. a3 Bg7 10. Be2 b5 11. Nd4 Nb8 12. Bf3 c5 13. Nb3 Ne5 14. Be2 Nbc6 15. d4 Nc4 16. Bxc4 bxc4 17. Nc1 cxd4 18. Bxd4 e5 19. Be3 Be6 20. Nd5 Rb8 21. c3 0-0 22. 0-0 g5 23. Rb1 h6 24. Qd1 f5 25. f3 f4 26. Bf2 Rb5 27. a4 Rb7 28. Re1 Qb8 29. b3 Rff7 30. b4 Bf8 31. Re2 Be7 32. Rd2 Kg7 33. Nxe7 Rfxe7 34. Rxd6 Qc8 35. Kh2 h5 36. Ne2 Rbd7 37. Rb2 g4 38. Bh4 g3+ 39. Kh1 Rf7 40. Rbd2 Bxh3 41. Rxd7 Bxd7 42. Ng1 Be6 43. a5 Ne7 44. Rd8 Qc7 45. Qd6 Qxd6 46. Rxd6 Ng6 47. Rxe6 Nxh4 48. Rxa6 Rd7 49. b5 Rd2 50. Ra7+ Kh6 51. Ra6+ Kg7 52. Ra7+ Kf6 53. Ra6+ Ke7 54. Rh6 Rxg2 55. Nh3 Rh2+ 56. Kg1 Nxf3+ 57. Kf1 Rxh3 58. Kg2 Ng5 59. a6 f3+ 60. Kg1 g2 61. Rg6 Rh1+ 62. Kf2 g1Q# 0-1

[Event "Berlin-ch Seniors op 25th"]
[Site "Berlin"]
[Date "2009.02.13"]
[Round "2"]
[White "Fieguth, Bernd"]
[Black "Bensch, Wolfgang"]
[Result "1-0"]
[WhiteElo "1867"]
[BlackElo "1379"]
[PlyCount "63"]
[EventDate "2009.02.12"]
[EventType "swiss"]
[EventRounds "9"]
[EventCountry "GER"]
[SourceTitle "EXT 2022"]
[Source "ChessBase"]
[SourceDate "2021.10.06"]
[SourceVersion "1"]
[SourceVersionDate "2021.10.06"]
[SourceQuality "1"]

1. e4 g6 2. d4 e6 3. f4 Bg7 4. Nf3 d6 5. Be3 b6 6. Bb5+ c6 7. Bd3 Ne7 8. Nbd2 Bb7 9. c3 Nd7 10. Qc2 Bh6 11. g4 e5 12. g5 Bg7 13. f5 gxf5 14. exf5 Nd5 15. Bf2 Nf4 16. f6 Nxd3+ 17. Qxd3 Bf8 18. 0-0-0 Qc7 19. Rhe1 0-0-0 20. Qf5 exd4 21. Nxd4 h6 22. g6 fxg6 23. Qh3 Qb8 24. Bg3 h5 25. f7 h4 26. Bf4 Bh6 27. Bxh6 Rxh6 28. Re8 Rh8 29. Rde1 Ba8 30. Rxh8 Kb7 31. Qxd7+ Rxd7 32. Rxb8+ 1-0

[Event "Berlin-ch Seniors op 23rd"]
[Site "Berlin"]
[Date "2007.02.11"]
[Round "7"]
[White "Bensch, Wolfgang"]
[Black "Stiemerling, Karl Heinz"]
[Result "0-1"]
[WhiteElo "1385"]
[BlackElo "1509"]
[PlyCount "22"]
[EventDate "2007.02.05"]
[EventType "swiss"]
[EventRounds "9"]
[EventCountry "GER"]
[SourceTitle "EXT 2022"]
[Source "ChessBase"]
[SourceDate "2021.10.06"]
[SourceVersion "1"]
[SourceVersionDate "2021.10.06"]
[SourceQuality "1"]

1. e4 c5 2. Nf3 Nc6 3. c3 d5 4. e5 Bg4 5. Bb5 a6 6. Bxc6+ bxc6 7. h3 Bf5 8. Nh4 Bd3 9. Qf3 c4 10. b4 e6 11. Qe3 Qxh4 0-1

[Event "Berlin-ch Seniors op 23rd"]
[Site "Berlin"]
[Date "2007.02.10"]
[Round "6"]
[White "Schweitzer, Paul"]
[Black "Bensch, Wolfgang"]
[Result "1-0"]
[WhiteElo "1648"]
[BlackElo "1385"]
[PlyCount "33"]
[EventDate "2007.02.05"]
[EventType "swiss"]
[EventRounds "9"]
[EventCountry "GER"]
[SourceTitle "EXT 2022"]
[Source "ChessBase"]
[SourceDate "2021.10.06"]
[SourceVersion "1"]
[SourceVersionDate "2021.10.06"]
[SourceQuality "1"]

1. Nf3 Nf6 2. b3 g6 3. Bb2 Bg7 4. e4 0-0 5. e5 Nd5 6. Nc3 e6 7. g3 b6 8. Nxd5 exd5 9. d4 Bb7 10. Bh3 d6 11. Rc1 Bh6 12. Ra1 Re8 13. 0-0 a6 14. Bc1 Bxc1 15. Qxc1 Kg7 16. Rd1 Nd7 17. c3 1-0

[Event "Berlin-ch Seniors op 23rd"]
[Site "Berlin"]
[Date "2007.02.05"]
[Round "1"]
[White "Walter, Guenter1111"]
[Black "Bensch, Wolfgang"]
[Result "1-0"]
[WhiteElo "1735"]
[BlackElo "1385"]
[PlyCount "81"]
[EventDate "2007.02.05"]
[EventType "swiss"]
[EventRounds "9"]
[EventCountry "GER"]
[SourceTitle "EXT 2022"]
[Source "ChessBase"]
[SourceDate "2021.10.06"]
[SourceVersion "1"]
[SourceVersionDate "2021.10.06"]
[SourceQuality "1"]

1. e4 c5 2. Nf3 Nc6 3. Bb5 a6 4. Bxc6 dxc6 5. d3 Qc7 6. Nbd2 Bg4 7. Nc4 e5 8. Bd2 g6 9. Ba5 Qe7 10. 0-0 Qf6 11. Ncxe5 Qe6 12. Nxg4 Qxg4 13. h3 Qe6 14. Bc3 f6 15. e5 0-0-0 16. exf6 Nxf6 17. Ng5 Qe8 18. Bxf6 Be7 19. Re1 Rd7 20. Qg4 Kc7 21. Bxe7 Rxe7 22. Rxe7+ Qxe7 23. Qf4+ Kb6 24. Qe3 Qd7 25. Re1 Qf5 26. b4 Kb5 27. bxc5 a5 28. Ne4 Ka6 29. Nd6 Qd7 30. Qe7 Rd8 31. Qxd7 Rxd7 32. Re8 Ka7 33. Re7 Rxe7 34. Nc8+ Ka6 35. Nxe7 Kb5 36. Kf1 Kxc5 37. Ke2 Kb4 38. Kd2 Ka3 39. f4 a4 40. g4 c5 41. f5 1-0